00688nam a2200193Ia 4500008004100000020001400041082001600055100002000071245009400091250000700185260004500192300002700237500001900264600002100283650005000304942000700354952011800361999001500479240925s9999 xx 000 0 und d a132628252 a004.616 KLE aKleitz, William 0aMicroprocessor and Mcrocontroller Fundamentals: the 8085 and 8051 hardwarce and software  aNA aNew Jersey:bPrintice- Hall Int.c,1998. aix,186p.bNAfOriginal aIncludes Index aComputer Science aComputer science, information & general works cBK 001040708CSaUITUbUITUd2003-05-19eF.B.Cg335.00l0o004.616 KLEpQ5063r2024-09-25 07:13:43w2024-09-25yBK c7562d7562